000 00858cam a22003017 4500
001 474165
003 DO-SdBNP
005 20180222094057.0
007 474165
008 090429s1993 sp a | |||| 000 1 spa
015 _a
017 _a
_b
020 _a9681906829
035 _a
040 _aBPMSU
_bspa
_cBPMSU
_e
041 1 _aspa
_h
080 _a
100 1 _aGoscinny, Rene
_d1926-1977
245 1 4 _aLos recreos del pequeño Nicolás
_h
_cJean Jacques Sempé, Rene Goscinny ; traducción Esther Beníte
260 _aFuenlabrada, Madrid :
_bAlfaguara,
_c2000.
300 _a114 p. :
_bil.;
_c20 cm
521 _aA partir de 10 años.
700 1 _aSempé, Jean-Jaques
_d1932-
_eil.
700 1 _aBeníte, Esther
_etr.
942 _2ddc
_cBK
945 _aInventariado, 2018/ YL
956 _aVMATEO
_b10
_c20160518
_dBPMUS
_f0069
999 _c10156
_d10156